Central Library OPAC University of Rajshahi

The individual and reality : (Record no. 28345)

MARC details
000 -LEADER
fixed length control field 00719nam a22002173 4500
001 - CONTROL NUMBER
control field 28345
003 - CONTROL NUMBER IDENTIFIER
rucl marc code BD-RjUL
005 - DATE AND TIME OF LATEST TRANSACTION
control field 20211209051253.0
008 - FIXED-LENGTH DATA ELEMENTS--GENERAL INFORMATION
fixed length control field 140330s1909 enk 000 0
035 ## - SYSTEM CONTROL NUMBER
System control number CD-0000311113
-- (BD-RjUL)28426
040 ## - CATALOGING SOURCE
Original cataloging agency BD-RjUL
Language of cataloging eng
Transcribing agency BD-RjUL
Modifying agency BD-RjUL
041 ## - LANGUAGE CODE
Language code of text/sound track or separate title eng
082 ## - DEWEY DECIMAL CLASSIFICATION NUMBER
Classification number 111
Author mark and year FAI 1909
100 1# - MAIN ENTRY--PERSONAL NAME
Personal name Fawcett, Edward Douglas.
9 (RLIN) 86796
245 14 - TITLE STATEMENT
Title The individual and reality :
Remainder of title an essay touching the first principles of metaphysics /
Statement of responsibility, etc. Edward Douglas Fawcett.
260 ## - PUBLICATION, DISTRIBUTION, ETC. (IMPRINT)
Place of publication, distribution, etc. London ;
-- New York [etc.] :
Date of publication, distribution, etc. 1909.
Name of publisher, distributor, etc. Longmans, Green and co.,
300 ## - PHYSICAL DESCRIPTION
Size xxiv, 449 p. :
Pagination ill ;
Illustrations 24 cm.
650 00 - SUBJECT ADDED ENTRY--TOPICAL TERM
Topical term or geographic name as entry element Ontology.
9 (RLIN) 86904
690 00 - LOCAL SUBJECT ADDED ENTRY--TOPICAL TERM (OCLC, RLIN)
Topical term or geographic name as entry element Philosophy
942 ## - ADDED ENTRY ELEMENTS (KOHA)
Source of classification or shelving scheme Dewey Decimal Classification
Koha item type Books
Holdings
Lost status Source of classification or shelving scheme Damaged status Not for loan Collection code Permanent Location Current Location Shelving location Date acquired Source of acquisition Cost, normal purchase price Total Checkouts Full call number Date last seen Copy number Koha item type
  Dewey Decimal Classification   Added to bundle Non-fiction Central Library, University of Rajshahi Central Library, University of Rajshahi Reading Room 10/11/1956 Black wel LTD. 1.60   111 FAI 1909 30/03/2014 C-1 Books